[Event "Rottach Egern Seniors Cup 12th"]
[Site "Rottach Egern"]
[Date "2024.04.10"]
[Round "5"]
[White "Mattgey, Werner"]
[Black "Kerschenbauer, Franz"]
[Result "1-0"]
[WhiteElo "1810"]
[BlackElo "1919"]
[PlyCount "76"]
[EventDate "2024.04.06"]
[EventType "swiss"]
[EventRounds "9"]
[EventCountry "GER"]
[SourceTitle "CB16_2024"]
[SourceDate "2024.04.17"]
[SourceVersion "1"]
[SourceVersionDate "2024.04.17"]
[SourceQuality "1"]

1. e4 g6 2. d4 Nf6 3. Nc3 d5 4. e5 Ne4 5. Nxe4 dxe4 6. f3 exf3 7. Nxf3 Bg4 8. c3 Qd5 9. Be2 c5 10. 0-0 cxd4 11. cxd4 Nc6 12. Be3 Bg7 13. Rc1 0-0 14. Bc4 Qd7 15. Qd2 Bxf3 16. Rxf3 Rad8 17. Qf2 e6 18. Bb5 Rc8 19. Qh4 h5 20. g4 Nxd4 21. Bxd7 Nxf3+ 22. Kf2 Nxh4 23. Bxc8 hxg4 24. Bxa7 Bxe5 25. Bxb7 Bxh2 26. Kf1 f5 27. Bf2 g5 28. a4 g3 29. Bg1 e5 30. a5 e4 31. a6 g2+ 32. Kf2 Rd8 33. Bxh2 Rd2+ 34. Ke3 Rd3+ 35. Ke2 f4 36. a7 f3+ 37. Ke1 f2+ 38. Kxf2 Rf3+ 1-0

[Event "Rottach Egern Seniors Cup 12th"]
[Site "Rottach Egern"]
[Date "2024.04.07"]
[Round "2"]
[White "Mattgey, Werner"]
[Black "Stuemer, Paul"]
[Result "0-1"]
[WhiteElo "1810"]
[BlackElo "2079"]
[PlyCount "132"]
[EventDate "2024.04.06"]
[EventType "swiss"]
[EventRounds "9"]
[EventCountry "GER"]
[SourceTitle "CB16_2024"]
[SourceDate "2024.04.17"]
[SourceVersion "1"]
[SourceVersionDate "2024.04.17"]
[SourceQuality "1"]

1. e4 c5 2. c3 b6 3. d4 Bb7 4. Bd3 Nf6 5. Qe2 cxd4 6. cxd4 Nc6 7. Nf3 Nb4 8. Nc3 Nxd3+ 9. Qxd3 Qc8 10. 0-0 Ba6 11. Nb5 Nxe4 12. Qxe4 Bxb5 13. Re1 Bc6 14. d5 Bb7 15. Bf4 Qc5 16. Red1 e6 17. Rac1 Bxd5 18. Qe2 Qa5 19. Ne5 Be7 20. Nxd7 Rd8 21. Ne5 0-0 22. Qc2 Ba8 23. Rxd8 Rxd8 24. a3 Qd5 25. Nf3 g5 26. Be3 g4 27. Ne1 Kg7 28. Qa4 Bf6 29. Qxg4+ Kh8 30. Qe2 Rg8 31. f3 Bc6 32. Qc2 Bb5 33. b3 Rd8 34. a4 Ba6 35. b4 Bd4 36. Qf2 e5 37. Rc7 Rd7 38. Rxd7 Qxd7 39. b5 Bb7 40. Bxd4 exd4 41. Nd3 Qd6 42. Qe2 Kg7 43. f4 Qd5 44. Qe5+ Qxe5 45. Nxe5 Bd5 46. Nd3 Bb3 47. Nb2 d3 48. Kf2 d2 49. Ke2 d1Q+ 50. Nxd1 Bxa4 51. Nc3 Bb3 52. Kd3 h5 53. g3 Kf6 54. Ke4 Ke6 55. Ne2 Bc4 56. Nd4+ Kd6 57. h4 Kc5 58. g4 hxg4 59. h5 g3 60. h6 g2 61. h7 g1Q 62. h8Q Bd5+ 63. Kd3 Qd1+ 64. Ke3 Qe1+ 65. Ne2 Bc4 66. Qb2 Qxe2+ 0-1

[Event "Bamberg op-B 5th"]
[Site "Bamberg"]
[Date "2023.07.28"]
[Round "4"]
[White "Riesterer, Michael"]
[Black "Mattgey, Werner"]
[Result "1-0"]
[WhiteElo "1549"]
[BlackElo "1716"]
[PlyCount "53"]
[EventDate "2023.07.26"]
[EventType "swiss"]
[EventRounds "7"]
[EventCountry "GER"]
[SourceTitle "CBM 215 Extra"]
[Source "ChessBase"]
[SourceDate "2023.09.30"]
[SourceVersion "1"]
[SourceVersionDate "2023.09.30"]
[SourceQuality "1"]

1. d4 e5 2. dxe5 Nc6 3. Nf3 Qe7 4. Qd5 f6 5. exf6 Nxf6 6. Qb3 d5 7. Bg5 Ne5 8. Bxf6 Nxf3+ 9. Qxf3 Qxf6 10. Qxf6 gxf6 11. Nd2 Bf5 12. 0-0-0 Bc5 13. e3 c6 14. Nb3 Bb6 15. Nd4 Bg6 16. Ne6 Kf7 17. Nf4 Be4 18. Be2 Bc7 19. f3 Bxf4 20. exf4 Bf5 21. g4 Rae8 22. Rd2 Bc8 23. h4 Re3 24. Rf1 Rhe8 25. Bd3 Kg7 26. Kd1 c5 27. Bb5 1-0

[Event "Bad Wiessee Senioren Cup 8th"]
[Site "Bad Wiessee"]
[Date "2019.05.16"]
[Round "6"]
[White "Mattgey, Werner"]
[Black "Winter, Bernd"]
[Result "0-1"]
[WhiteElo "1766"]
[BlackElo "1890"]
[PlyCount "60"]
[EventDate "2019.05.11"]
[EventType "swiss"]
[EventRounds "9"]
[EventCountry "GER"]
[SourceTitle "EXT 2020"]
[Source "ChessBase"]
[SourceDate "2019.10.17"]
[SourceVersion "1"]
[SourceVersionDate "2019.10.17"]
[SourceQuality "1"]

1. e4 c5 2. c3 Nf6 3. e5 Nd5 4. d4 cxd4 5. Nf3 Nc6 6. cxd4 e6 7. Bc4 Nb6 8. Bb3 d6 9. Qe2 dxe5 10. dxe5 Be7 11. 0-0 0-0 12. Nc3 a6 13. Bf4 Qc7 14. Qe4 Bd7 15. Rfe1 Nb4 16. Bg5 Bc6 17. Qh4 Bc5 18. Bf6 Rfe8 19. Ng5 h6 20. Bxg7 Kxg7 21. Nge4 Qxe5 22. Nxc5 Qxc5 23. Ne4 Bxe4 24. Rxe4 Rac8 25. Rd1 N4d5 26. Rg4+ Kh7 27. Qh5 Qe7 28. Rh4 Qf6 29. g3 Rg8 30. Rd2 Nf4 0-1